<?xml version="1.0" encoding="UTF-8"?>
<record
    xmlns:xsi="http://www.w3.org/2001/XMLSchema-instance"
    xsi:schemaLocation="http://www.loc.gov/MARC21/slim http://www.loc.gov/standards/marcxml/schema/MARC21slim.xsd"
    xmlns="http://www.loc.gov/MARC21/slim">

  <leader>00455nam a22001217a 4500</leader>
  <controlfield tag="008">240520b        |||||||| |||| 00| 0 eng d</controlfield>
  <datafield tag="050" ind1=" " ind2=" ">
    <subfield code="a">LB1027.5</subfield>
    <subfield code="b">.K43 2018</subfield>
  </datafield>
  <datafield tag="100" ind1=" " ind2=" ">
    <subfield code="a">Kebati, Oigara Zachary </subfield>
  </datafield>
  <datafield tag="245" ind1=" " ind2=" ">
    <subfield code="a">Influence of implementation strategies of guidance and counselling programmes on bemaviour change of pupils in public primary schools in Kisii county, Kenya /</subfield>
    <subfield code="c">Oigara Zachary Kebati</subfield>
  </datafield>
  <datafield tag="260" ind1=" " ind2=" ">
    <subfield code="c">2018</subfield>
  </datafield>
  <datafield tag="300" ind1=" " ind2=" ">
    <subfield code="a">xvi, 215p.</subfield>
  </datafield>
  <datafield tag="942" ind1=" " ind2=" ">
    <subfield code="2">lcc</subfield>
    <subfield code="c">THE</subfield>
  </datafield>
  <datafield tag="999" ind1=" " ind2=" ">
    <subfield code="c">20426</subfield>
    <subfield code="d">20425</subfield>
  </datafield>
  <datafield tag="952" ind1=" " ind2=" ">
    <subfield code="0">0</subfield>
    <subfield code="1">0</subfield>
    <subfield code="2">lcc</subfield>
    <subfield code="7">0</subfield>
    <subfield code="a">KABU</subfield>
    <subfield code="b">KABU</subfield>
    <subfield code="d">2024-05-20</subfield>
    <subfield code="i">1677/2020</subfield>
    <subfield code="l">0</subfield>
    <subfield code="o">LB1027.5 .K43 2018 C.1</subfield>
    <subfield code="p">030490</subfield>
    <subfield code="r">2024-05-20 15:54:02</subfield>
    <subfield code="t">C.1</subfield>
    <subfield code="w">2024-05-20</subfield>
    <subfield code="y">THE</subfield>
  </datafield>
</record>
